书目信息 |
| 题名: |
农村经济审计学
|
|
| 作者: | 许树恩 , 周军 主编 | |
| 分册: | ||
| 出版信息: | 北京 北京农业大学出版社 1991.2 |
|
| 页数: | 261页 | |
| 开本: | 19cm | |
| 丛书名: | ||
| 单 册: | ||
| 中图分类: | F239.61 | |
| 科图分类: | ||
| 主题词: | 农业经济--审计 | |
| 电子资源: | ||
| ISBN: | 7-81002-217-2 | |
| 000 | 00680nam0 2200241 450 | |
| 001 | 0100405493 | |
| 005 | 20100708150729.0 | |
| 010 | @a7-81002-217-2@dCNY3.20 | |
| 011 | @a7-81002-217-2 | |
| 100 | @a20021005d1991 em y0chiy0110 ea | |
| 101 | 0 | @achi |
| 102 | @aCN@b110000 | |
| 105 | @ay z 000yy | |
| 106 | @ar | |
| 200 | 1 | @a农村经济审计学@9Nong Cun Jing Ji Shen Ji Xue @f许树恩,周 军主编@b专著 |
| 210 | @a北京@c北京农业大学出版社@d1991.2 | |
| 215 | @a261页@d19cm | |
| 606 | 0 | @a农业经济@x审计 |
| 690 | @aF239.61@v3 | |
| 701 | 0 | @a许树恩@9xu shu en@4主编 |
| 701 | 0 | @a周军@9zhou jun@4主编 |
| 801 | 0 | @aCN@bAiZhiMarc@c19800101 |
| 905 | @aBZT@dF239.61@e4@f41@sF239.61/4 | |
| 农村经济审计学/许树恩,周 军主编.-北京:北京农业大学出版社,1991.2 |
| 261页;19cm |
| ISBN 7-81002-217-2:CNY3.20 |
| ● |
| 相关链接 |
|
|
|
正题名:农村经济审计学
索取号:F239.61/4
 
预约/预借
| 序号 | 登录号 | 条形码 | 馆藏地/架位号 | 状态 | 备注 |
| 1 | 2000039550 | 2000039550 | 旧书回溯/ [索取号:F239.61/4] | 在馆 | |
| 2 | 2000039551 | 2000039551 | 旧书回溯/ [索取号:F239.61/4] | 在馆 | |
| 3 | 2000039552 | 2000039552 | 旧书回溯/ [索取号:F239.61/4] | 在馆 | |
| 4 | 2000039553 | 2000039553 | 旧书回溯/ [索取号:F239.61/4] | 在馆 | |
| 5 | 2000039554 | 2000039554 | 旧书回溯/ [索取号:F239.61/4] | 在馆 | |
| 6 | 2000039555 | 2000039555 | 旧书回溯/ [索取号:F239.61/4] | 在馆 | |
| 7 | 2000039556 | 2000039556 | 旧书回溯/ [索取号:F239.61/4] | 在馆 | |
| 8 | 2000039557 | 2000039557 | 旧书回溯/ [索取号:F239.61/4] | 在馆 | |
| 9 | 2000039558 | 2000039558 | 旧书回溯/ [索取号:F239.61/4] | 在馆 | |
| 10 | 2000039559 | 2000039559 | 旧书回溯/ [索取号:F239.61/4] | 在馆 | |
| 11 | 2000039560 | 2000039560 | 旧书回溯/ [索取号:F239.61/4] | 在馆 | |
| 12 | 2000039561 | 2000039561 | 旧书回溯/ [索取号:F239.61/4] | 在馆 | |
| 13 | 2000039562 | 2000039562 | 旧书回溯/ [索取号:F239.61/4] | 在馆 | |
| 14 | 2000039563 | 2000039563 | 旧书回溯/ [索取号:F239.61/4] | 在馆 | |
| 15 | 2000041979 | 2000041979 | 旧书回溯/ [索取号:F239.61/4] | 在馆 | |
| 16 | 2000041980 | 2000041980 | 旧书回溯/ [索取号:F239.61/4] | 在馆 | |
| 17 | 2000041981 | 2000041981 | 旧书回溯/ [索取号:F239.61/4] | 在馆 | |
| 18 | 2000041982 | 2000041982 | 旧书回溯/ [索取号:F239.61/4] | 在馆 | |
| 19 | 2000041983 | 2000041983 | 旧书回溯/ [索取号:F239.61/4] | 在馆 | |
| 20 | 2000041984 | 2000041984 | 旧书回溯/ [索取号:F239.61/4] | 在馆 | |
| 21 | 2000041985 | 2000041985 | 旧书回溯/ [索取号:F239.61/4] | 在馆 | |
| 22 | 2000041986 | 2000041986 | 旧书回溯/ [索取号:F239.61/4] | 在馆 | |
| 23 | 2000041987 | 2000041987 | 旧书回溯/ [索取号:F239.61/4] | 在馆 | |
| 24 | 2000041988 | 2000041988 | 旧书回溯/ [索取号:F239.61/4] | 在馆 | |
| 25 | 2000042010 | 2000042010 | 旧书回溯/ [索取号:F239.61/4] | 在馆 | |
| 26 | 2000042011 | 2000042011 | 旧书回溯/ [索取号:F239.61/4] | 在馆 | |
| 27 | 2000042795 | 2000042795 | 旧书回溯/ [索取号:F239.61/4] | 在馆 | |
| 28 | 2000042796 | 2000042796 | 旧书回溯/ [索取号:F239.61/4] | 在馆 | |
| 29 | 2000042797 | 2000042797 | 旧书回溯/ [索取号:F239.61/4] | 在馆 | |
| 30 | 2000042798 | 2000042798 | 旧书回溯/ [索取号:F239.61/4] | 在馆 | |
| 31 | 2000042799 | 2000042799 | 旧书回溯/ [索取号:F239.61/4] | 在馆 | |
| 32 | 2000042800 | 2000042800 | 旧书回溯/ [索取号:F239.61/4] | 在馆 | |
| 33 | 2000042801 | 2000042801 | 旧书回溯/ [索取号:F239.61/4] | 在馆 | |
| 34 | 2000042802 | 2000042802 | 旧书回溯/ [索取号:F239.61/4] | 在馆 | |
| 35 | 2000042803 | 2000042803 | 旧书回溯/ [索取号:F239.61/4] | 在馆 | |
| 36 | 2000042804 | 2000042804 | 旧书回溯/ [索取号:F239.61/4] | 在馆 | |
| 37 | 2000042805 | 2000042805 | 旧书回溯/ [索取号:F239.61/4] | 在馆 | |
| 38 | 2000042806 | 2000042806 | 旧书回溯/ [索取号:F239.61/4] | 在馆 | |
| 39 | 2000042807 | 2000042807 | 旧书回溯/ [索取号:F239.61/4] | 在馆 | |
| 40 | 2000042808 | 2000042808 | 旧书回溯/ [索取号:F239.61/4] | 在馆 | |
| 41 | 2000049685 | 2000049685 | 旧书回溯/ [索取号:F239.61/4] | 在馆 |